Followership : (Record no. 3607)
[ view plain ]
| 000 -LEADER | |
|---|---|
| fixed length control field | 00713cam a2200193 a 4500 |
| 020 ## - INTERNATIONAL STANDARD BOOK NUMBER | |
| ISBN | 9781422103685 |
| 020 ## - INTERNATIONAL STANDARD BOOK NUMBER | |
| ISBN | 1422103684 |
| 050 00 - CALL NUMBER | |
| Classification number | HD57.7 |
| Item number | .K4477 2008 |
| 100 1# - AUTHOR | |
| Personal name | Kellerman, Barbara. |
| 245 10 - TITLE | |
| Title | Followership : |
| Remainder of title | how followers are creating change and changing leaders / |
| Statement of responsibility, etc | Barbara Kellerman. |
| 260 ## - PUBLICATION INFORMATION | |
| Place of publication | Boston, Mass. : |
| Name of publisher | Harvard Business School Press, |
| Year of publication | c2008. |
| 300 ## - DESCRIPTION | |
| Number of Pages | xxii, 305 p. ; |
| Dimensions | 25 cm. |
| 440 #0 - SERIES | |
| SERIES | Leadership for the common good |
| 500 ## - NOTES | |
| General note | Includes index |
| 505 0# - FORMATTED CONTENTS NOTE | |
| Table of Content | Fictions -- Facts -- Relationships -- Types -- Bystanders -- Participants -- Activists -- Diehards -- Values -- Transformations. |
| 650 #0 - SUBJECTS | |
| Topical Term | Leadership. |
| 650 #0 - SUBJECTS | |
| Topical Term | Organizational behavior. |
| 942 ## - ADDED ENTRY ELEMENTS (KOHA) | |
| Koha item type | Books |
| Withdrawn status | Lost status | Collection code | Home library | Current library | Shelving location | Date acquired | Full call number | Accession Number | Koha item type |
|---|---|---|---|---|---|---|---|---|---|
| Reference | Methodist University Library Main | Methodist University Library Main | General Stacks | 21/06/2018 | HD57.7 .K4477 2008 | 30754 | Books | ||
| Reference | Methodist University Library Main | Methodist University Library Main | General Stacks | 21/06/2018 | HD57.7 .K4477 2008 | 30769 | Books |